Las 14 palabras más largas en la RAE (Diccionario español) - Estadísticas

Estadísticas generales
  • Esta prueba ha sido intentada 17 veces
  • La puntuación promedio es 2 de 14
Estadísticas de respuestas
Nº de letras Primera letra Palabra % Correcto
22 E Esternocleidomastoideo
85%
19 O Otorrinolaringólogo
46%
23 E Electroencefalografista
31%
20 O Otorrinolaringología
31%
20 E Electroencefalograma
23%
21 E Electroencefalografía
15%
22 A Anticonstitucionalidad
8%
19 D Desoxirribonucleico
8%
18 D Desafortunadamente
0%
21 D Desproporcionadamente
0%
18 E Electrocariograma
0%
22 E Electroencefalográfico
0%
20 F Fotolitográficamente
0%
22 I Interdisciplinariedad
0%
No se encontraron pruebas coincidentes
Distribución de puntuación
Porcentaje de gente con cada puntuación
Porcentaje por número respondido
Historial de tus puntuaciones
No has intentado esta prueba.